00417nam a2200133Ia 4500008004100000082001500041100002500056245004000081260002000121600002000141942000700161952009800168999001700266241002s9999 xx 000 0 und d a341.23 COY aCoyle, David Cushman 4aThe United Nations and How it Workd aNew York:c1955 aSocial Sciences cUC 00104070aUITUbUITUd1994-01-01l0o341.23 COYpUC252r2024-10-02 09:31:14w2024-10-02yUC c18579d18579